Manual de cooperativas agrícolas
Sábháilte in:
| Príomhchruthaitheoir: | |
|---|---|
| Formáid: | Téacs |
| Teanga: | Spanish |
| Foilsithe / Cruthaithe: |
México:
Centro Regional de Ayuda Técnica
|
| Eagrán: | 2 |
| Clibeanna: |
Cuir clib leis
Níl clibeanna ann, Bí ar an gcéad duine le clib a chur leis an taifead seo!
|
MARC
| LEADER | 00000 a a2200000 04500 | ||
|---|---|---|---|
| 001 | 17195 | ||
| 003 | cru CIDCACS/IIS | ||
| 005 | 20231019105130.0 | ||
| 008 | 181207b ||||| |||| 00| 0 spa d | ||
| 020 | |a [sin ISBN] | ||
| 022 | |a [sin ISBN] | ||
| 040 | |c cru CIDCACS/IIS |a CRAI/IIS | ||
| 100 | |a López, Miguel E. | ||
| 245 | |a Manual de cooperativas agrícolas | ||
| 250 | |a 2 | ||
| 260 | |a México: |b Centro Regional de Ayuda Técnica | ||
| 300 | |a 44 páginas | ||
| 942 | |2 z |c LI |h 07.03.02 C397m |i 05483 |6 070302_C397M_05483 | ||
| 999 | |c 10794 |d 10794 | ||
